000 00549nam a22001697a 4500
003 OSt
005 20260316103001.0
008 260316b |||||||| |||| 00| 0 eng d
040 _cMRSPTU
041 _aEnglish
100 _aMandeep Singh Sidhu, Supervisor: Gurpreet Singh Bath
245 _aTo Study the Durability of Concrete Using Fly Ash and Marble Powder
260 _bDepartment of Civil Engg. MRSPTU, Bathinda
_c2014
650 _aCivil Engineering
856 _uhttp://163.47.215.52:8080/jspui/handle/123456789/1207
942 _2ddc
_cTH
_n0
999 _c11150
_d11150